000 00980nam a22002177a 4500
003 OSt
005 20251002161622.0
008 240403b ||||| |||| 00| 0 eng d
040 _c0
082 _aDPer 621.317 Ie21 October 2022 v. 37 n. 10
100 _aDuan, Xinwei.
_eauthor.
_955901
245 _aMultivector model predictive power control with low computational burden for grid-tied quasi-Z-source inverter without weighting factors /
_cXinwei Duan, Longyun Kang, Hailan Zhou, and Qinghua Liu.
260 _aNew York ;
_bThe Institute of Electrical and Electronics Engineers, Inc. ,
_cOctober 2022.
300 _aVolume 37, pages 11739-11748 :
_billustration ;
_c28 cm.
500 _aIEEE Transactions on Power Electronics, v. 37, n. 10, pages 11739-11748, October 2022.
700 _aDuan, Xinwei.
_eauthor.
_955901
700 _aKang, Longyun.
_eauthor.
_955902
700 _aZhou, Hailan.
_eauthor.
_955903
700 _aLiu, Qinghua.
_eauthor.
_955904
942 _2ddc
_cPER
999 _c19980
_d19980